Problemy obnovlenija social'nogo stroja zemledelija.
Poľnohospodárske vzťahy sú najzložitejším podsystémom spoločensko-ekonomickej základne. Centrálnou otázkou je vzťah vlastníctva k pôde a jej využívanie. Analýza variantov vlastníctva pôdy. Skúmanie otázky, či kvalitatívna obnova poľnohospodárskych vzťahov vyžaduje pluralitu foriem vlastníctva pôdy,...
Salvato in:
| Autore principale: | |
|---|---|
| Natura: | Capitolo di libro |
| Lingua: | russo |
| Soggetti: | |
| Tags: |
Nessun Tag, puoi essere il primo ad aggiungerne!!
|
MARC
| LEADER | 00000naa a2200000 4500 | ||
|---|---|---|---|
| 001 | r005889 | ||
| 005 | 20221130102942.5 | ||
| 041 | 0 | |a rus | |
| 044 | |a [SU] | ||
| 245 | 1 | 0 | |a Problemy obnovlenija social'nogo stroja zemledelija. |c A. Bulatov |
| 520 | |a Poľnohospodárske vzťahy sú najzložitejším podsystémom spoločensko-ekonomickej základne. Centrálnou otázkou je vzťah vlastníctva k pôde a jej využívanie. Analýza variantov vlastníctva pôdy. Skúmanie otázky, či kvalitatívna obnova poľnohospodárskych vzťahov vyžaduje pluralitu foriem vlastníctva pôdy, alebo len prestavbu vzťahu disponovania a využívania pôdy. Rozbor mechanizmu hospodárenia na pôde a ekonomickej slobody v rôznych formách hospodárenia. | ||
| 610 | 2 | 0 | |a poľnohospodárstvo |
| 610 | 2 | 0 | |a vlastníctvo |
| 610 | 2 | 0 | |a pôda |
| 610 | 2 | 0 | |a vzťahy spoločenské |
| 610 | 2 | 0 | |a mechanizmus hospodársky |
| 610 | 2 | 0 | |a pôdohospodárstvo |
| 100 | 1 | |a Bulatov, A. | |